The geometry of schemes

Uloženo v:
Podrobná bibliografie
Hlavní autor: Eisenbud, David (Autor)
Médium: Kniha
Jazyk:angličtina
Vydáno: Nueva York Springer 2000
Edice:Graduate Texts in Mathematics, 197
Témata:
Tagy: Přidat tag
Žádné tagy, Buďte první, kdo vytvoří štítek k tomuto záznamu!

MARC

LEADER 00000cam a2200000 a 4500
001 UCE0055
003 CL-VaPUC
008 140103e20000000us |||||||||||||||||eng|d
020 |a 0387986375 
082 0 4 |a 516.35  |b EIS  |2 21 
100 0 |a Eisenbud, David  |e author  |9 572474 
245 1 4 |a The geometry of schemes 
300 |a 294 p 
942 |c BK 
945 |d 20140103 12:15:00  |a cmena 
260 |a Nueva York  |b Springer  |c 2000 
650 0 |a Geometría algebraica  |9 270327 
650 0 |a Teoría de números  |9 265327 
583 |a last modification  |c 20140103 12:15:00  |k Rodrigo Vera 
490 0 |a Graduate Texts in Mathematics, 197 
999 |c 354376  |d 354374 
952 |0 0  |1 0  |3 erb  |4 0  |6 516_350000000000000_EIS_2000  |7 0  |8 A  |9 460193  |a BIBMAT  |b BIBMAT  |i 5042194  |o 516.35 EIS 2000  |p 5042194  |r 2025-01-07  |w 2019-11-23  |y BK  |z Catalogado en:20140103  |k MAT